000 00624nam a2200133Ia 4500
008 100328s9999 xx 000 0 und d
082 _b8194
100 _aआपटे ह.ना.
245 _aसगौडपादीयकारिकाथर्ववेदीय माण्डकोपनिषते
260 _bआनंदाश्रम
630 _aसगौडपादीयकारिकाथर्ववेदीय माण्डकोपनिषते
730 _aसगौडपादीयकारिकाथर्ववेदीय माण्डकोपनिषते
942 _cBOOK
999 _c503986
_d503983